[Event "Maia Cup 2019"]
[Site "Tbilisi"]
[Date "2019.09.05"]
[Round "3.7"]
[White "Sanikidze, Tornike"]
[Black "Purtseladze, Maka"]
[Result "1-0"]
[WhiteElo "2515"]
[BlackElo "2274"]
[Annotator "TA"]
[PlyCount "101"]
[EventDate "2019.09.05"]
[EventType "swiss"]
[EventCountry "GEO"]
[SourceTitle "playchess.com"]
[Source "ChessBase"]
[SourceQuality "1"]

{[%evp 9,154,11,31,27,24,23,12,4,14,18,14,8,16,16,20,11,13,-23,-20,-15,-21,-35,-33,-33,-32,-44,-37,-64,-74,-69,-13,-58,-62,-74,0,-45,-37,-31,-29,-46,56,53,82,0,36,19,33,0,14,-17,0,-8,0,0,30,-40,-44,-58,-54,-47,-50,-82,-46,-125,-129,-160,-168,-212,-207,-214,-168,-222,-160,-218,-194,-190,-214,-425,-152,-464,-452,-458,-466,-529,-460,-532,-510,-529,-522,-1076,-1062,-860,-861,-1895,-1754,-1110,-683,-724,-695,-696,-704,-703,-700,-675,-637,-695,-626,-664,-645,-538,0,0,8,7,0,0,0,-7,0,0,8,-8,-8,-8,-8,-8,7019,8931,6821,11034,7112,5110,2189,1592,29975,29977,29977,29977,29977,29978,29978,29979,29979,29980,29982,29977,29983]} 1. d4 Nf6 2. c4 e6 3. Nf3 Bb4+ 4. Bd2 a5 5. Nc3 Bxc3 (5... d5 6. e3 O-O 7. Qc2 b6 8. cxd5 exd5 9. a3 Be7 10. Bd3 Re8 11. O-O Bf8 12. e4 dxe4 13. Nxe4 Nbd7 14. Neg5 Bd6 15. Bc4 Re7 16. Nxf7 Rxf7 17. Bxf7+ Kh8 18. Rfe1 Bb7 19. Ng5 Qf8 20. Be6 Bd5 21. Bxd5 {1-0 (21) Bacrot,E (2695)-Van Wely,L (2695) chess.com INT 2017}) 6. Bxc3 {E11: Bogo-Indian} Ne4 7. Rc1 O-O 8. g3 {The position is equal.} d6 9. Bg2 Nc6 10. d5 Nxc3 11. Rxc3 Nb4 12. a3 Na6 $1 13. O-O e5 14. c5 $146 ({Predecessor:} 14. Nd2 f5 15. b3 Bd7 16. Qc2 Be8 {½-½ (16) Zlochevskij,A (2415)-Jirovsky,P (2325) Bayern 1997}) 14... Bg4 15. c6 bxc6 16. Rxc6 Bd7 17. Rc3 a4 18. Nd2 Rb8 19. Qc2 Bb5 (19... Qe7 $15) 20. Rb1 Nc5 21. Ne4 Na6 (21... Nb3 $1 $17 {[%cal Rb3d4]} 22. Bf1 f5) 22. Qd2 h6 {White must now prevent ...f5.} 23. g4 Bd7 24. Rg3 g5 (24... Qh4 $15) 25. h4 $14 {[%cal Rh4g5]} f6 26. Qd3 (26. Bf3 $16) 26... Bb5 (26... gxh4 $5 {[%cal Rd7b5]} 27. Re3 f5 28. gxf5 Nc5 29. Nxc5 dxc5 $11) 27. Qe3 Bd7 28. Qd3 Bb5 29. Qf3 Kg7 30. Rh3 Be8 31. Qd3 Rb6 32. Ng3 (32. h5 $11) 32... Bg6 $1 $15 {[%cal Rg6d3]} 33. Nf5+ Bxf5 $1 34. gxf5 Nc5 35. Qf3 Qe8 36. e3 ({White should play} 36. e4 $15) 36... e4 $36 {[%mdl 2048] Black is really pushing.} 37. Qe2 Rh8 38. Rg3 Qe5 39. Bh3 Qxd5 40. Rd1 (40. Qh5 {was called for.} Qf7 41. Qd1) 40... Qf7 41. Rd4 (41. Bg2 $17) 41... Rhb8 $1 $19 42. Rd2 Nd3 {[%cal Rb6b2]} 43. Qg4 $2 (43. Bg2 {might work better.} d5 44. hxg5 fxg5 45. Rxd3 exd3 46. Qxd3) 43... d5 $2 (43... Rxb2 $19 44. Rxb2 Rxb2 45. hxg5 hxg5 46. Qxe4 Nxf2) 44. Bf1 $2 (44. hxg5 $17 {was the crucial defense.} hxg5 45. f4) 44... Ne5 45. Qd1 c6 46. Be2 Rxb2 47. Rxb2 Rxb2 48. Bh5 Qb7 49. Qxa4 Nd3 50. hxg5 hxg5 {...Rd2 is the strong threat.} 51. Qd4 {Played: Rg3xg5} 1-0

[Event "Maia Cup 2019"]
[Site "Tbilisi"]
[Date "2019.09.05"]
[Round "4.1"]
[White "Jobava, Baadur"]
[Black "Arutinian, David"]
[Result "1/2-1/2"]
[WhiteElo "2617"]
[BlackElo "2551"]
[Annotator "TA"]
[PlyCount "89"]
[EventDate "2019.09.05"]
[EventType "swiss"]
[EventCountry "GEO"]
[SourceTitle "playchess.com"]
[Source "ChessBase"]
[SourceQuality "1"]

{[%evp 23,89,-19,-15,-11,0,7,0,-46,7,0,5,0,0,0,8,-7,0,0,-2,0,0,-19,0,-17,0,-8,0,0,11,6,6,9,24,23,18,0,0,0,0,0,0,0,66,58,113,116,111,81,120,11,33,11,16,0,0,0,0,0,0,0,0,0,0,0,0,0,0,0]} 1. b3 d5 2. Bb2 c5 3. e3 Nf6 4. f4 g6 5. Nf3 Bg7 6. Be2 O-O 7. O-O Nc6 8. Ne5 Qc7 9. Nxc6 Qxc6 10. Bf3 Qd7 11. Be5 b6 12. d3 Bb7 13. Nd2 {A03: Bird's Opening with 1...d5} Rfd8 14. a4 $146 ({Predecessor:} 14. Qe2 b5 15. Rad1 a5 16. e4 a4 17. c4 dxc4 18. dxc4 b4 19. Nb1 Qe8 20. Qe3 axb3 21. axb3 Rxd1 22. Rxd1 {½-½ (22) Thorpe,T (1892)-Fathallah,J (1919) Cardiff 2017}) 14... Ne8 15. a5 f6 (15... Qe6 $15) 16. Bb2 $11 Nd6 17. Qe2 e6 18. g3 Re8 19. Bg2 e5 20. fxe5 fxe5 21. e4 d4 22. h4 Rf8 23. Nf3 Qe7 24. Bc1 Nf7 25. Bd2 Rae8 26. axb6 axb6 27. Bh3 Bc8 28. Bxc8 Rxc8 29. Kg2 Ra8 30. h5 Qe6 31. hxg6 hxg6 32. Nh2 Qc6 ({Better is} 32... Rxa1 $11 33. Rxa1 Bh6) 33. Qg4 $14 Rxa1 (33... b5 $1 $14) 34. Rxa1 $16 Bh6 {[#]} 35. Bxh6 $1 Nxh6 {[#]} 36. Qh3 (36. Qg5 $1 $16 {[%cal Rg5h6]} Nf7 37. Qe7) 36... Kg7 $1 $11 37. Nf3 Qf6 {The position is equal.} 38. Ra7+ Kg8 39. g4 $1 {[%cal Rg4g5] Black must now prevent g5!} ({But not} 39. Qxh6 $2 Qxf3+ 40. Kh2 Qf2+ 41. Kh3 Qf1+ 42. Kh4 Qh1+ 43. Kg5 Qc1+ 44. Kxg6 Rf6+ 45. Kxf6 Qxh6+ $19) 39... Nf7 {And now ...Ng5! would win.} 40. Qh2 Ng5 41. Nxg5 {[%csl Ga7,Gg5][%cal Rh2h7]} Qf1+ 42. Kg3 {[%csl Ga7,Gg5][%cal Rh2h7]} Qf4+ {[%mdl 64] Double Attack} 43. Kg2 {[%csl Ga7,Gg5][%cal Rh2h7]} Qf1+ 44. Kg3 {[%csl Ga7,Gg5][%cal Rh2h7]} Qf4+ {[%mdl 64] Double Attack} 45. Kg2 {Accuracy: White = 50%, Black = 39%.} 1/2-1/2

[Event "Maia Cup 2019"]
[Site "Tbilisi"]
[Date "2019.09.05"]
[Round "4.3"]
[White "Arabidze, Meri"]
[Black "Jojua, Davit"]
[Result "0-1"]
[WhiteElo "2398"]
[BlackElo "2563"]
[Annotator "TA"]
[PlyCount "94"]
[EventDate "2019.09.05"]
[EventType "swiss"]
[EventCountry "GEO"]
[SourceTitle "playchess.com"]
[Source "ChessBase"]
[SourceQuality "1"]

{[%evp 9,94,50,76,35,43,44,46,42,37,-32,-6,-72,-64,-82,-84,-124,-117,-113,-118,-110,-106,-106,-118,-120,-69,-44,-68,-58,-54,-72,-22,-49,0,0,0,0,0,0,0,0,0,0,-8,-29,0,0,0,0,0,0,0,-72,-78,-81,0,0,0,0,0,0,0,-1424,-1295,-584,-8,-29977,-29975,-29975,-29969,-29974,-8,-8,0,-29976,-29977,-29977,-29978,-29978,-29979,-29982,-29983,-29983,-29984,-29983,-29984,-29980,-29981]} 1. d4 g6 2. c4 Bg7 3. Nc3 c5 4. d5 d6 5. e4 e6 6. dxe6 {A43: Schmid Benoni} (6. Nf3 exd5 7. cxd5 a6 8. h3 b5 9. Bd3 Nd7 10. O-O Ngf6 11. Bf4 Nb6 12. a4 b4 13. a5 bxc3 14. axb6 cxb2 15. Rb1 {½-½ (45) Potkin,V (2597)-Zvjaginsev,V (2642) Moscow 2018}) 6... Bxc3+ 7. bxc3 Bxe6 8. Bd3 {White is slightly better.} Nc6 {[%cal Bb8c6,Bc6a5,Ba5c4][%mdl 32]} 9. f4 (9. Ne2 $14) 9... Qa5 $15 10. Ne2 (10. Qb3 $1 $11) 10... Qa6 $146 ({Predecessor:} 10... Bg4 11. O-O f6 12. Rb1 O-O-O 13. Qc2 Nge7 {1-0 (49) Laurusas,T (2233)-Erzhanov,A (2363) Warsaw 2010}) 11. Rb1 O-O-O 12. Qb3 Na5 $1 {[%cal Ra5b3]} 13. Qa4 Bxc4 14. Bxc4 Nxc4 15. Qxa6 bxa6 16. f5 Nf6 (16... Re8 $17 17. O-O f6) 17. Bg5 $15 Nxe4 18. Bxd8 Rxd8 19. fxg6 fxg6 {Threatens to win with ...Re8.} 20. Ng3 Nxc3 {[%mdl 64] Double Attack} 21. Rc1 Re8+ 22. Kf2 Ne4+ 23. Nxe4 Rxe4 24. Rhe1 Rxe1 25. Rxe1 $11 {[%mdl 4096] Endgame KR-KN} Kd7 26. Re4 d5 27. Rh4 $1 {[%cal Rh4h7]} h5 28. g4 $1 {[%cal Rg4h5]} hxg4 29. Rxg4 Ne5 30. Ra4 (30. Rg5 $1 $11 Ke6 31. Ke3) 30... c4 $17 {And now ...c3 would win.} 31. Rxa6 c3 (31... Nc6 $1 $17) 32. Rxa7+ $11 Kd6 33. Ke2 d4 {Hoping for ...d3+.} 34. Ra8 Kd5 35. a4 $2 {[%mdl 8192]} (35. Rd8+ $11 Ke4 36. Rc8) 35... d3+ $1 $19 36. Ke3 c2 $2 (36... Kc4 $19 37. Rd8 Ng4+ {[%mdl 64] Double Attack} 38. Kf4 c2) 37. Kd2 $2 {[%mdl 8192]} (37. Rd8+ $11 Kc4 38. Kd2) 37... Nf3+ 38. Kc1 {[#]} Nd4 $1 39. Rd8+ {[#]} Kc4 $2 (39... Ke4 $1 {mates} 40. Rc8 Ke3 41. Re8+ Kf3 42. Kd2 Nb3+ 43. Kxd3 c1=Q 44. Ra8 Qc5 45. Ra6 Qd4+ 46. Kc2 Qc4+ 47. Kb2 Nd4 48. Rb6 Qc2+ {[%mdl 64] Double Attack} 49. Ka1 Nb3+ 50. Rxb3+ Qxb3 51. a5 Ke3 52. h4 Kd4 53. h5 Kc3 54. hxg6 Qb2#) 40. Rc8+ $1 $11 Kd5 {...Ke4 is the strong threat.} 41. a5 $2 {[%mdl 8192]} (41. Rd8+ $11 Ke4 42. Rc8) 41... Nb3+ {[%mdl 64] Double Attack. Black mates.} 42. Kb2 Nxa5 43. Rd8+ Ke4 44. Re8+ Kd4 45. Rd8+ Ke3 46. Rc8 Kd2 47. Rc7 {[#]} Nb3 $1 {[%mdl 512] Accuracy: White = 42%, Black = 55%.} 0-1

[Event "Maia Cup 2019"]
[Site "Tbilisi"]
[Date "2019.09.05"]
[Round "4.4"]
[White "Fier, Alexandr"]
[Black "Sanikidze, Tornike"]
[Result "1-0"]
[WhiteElo "2549"]
[BlackElo "2515"]
[Annotator "TA"]
[PlyCount "99"]
[EventDate "2019.09.05"]
[EventType "swiss"]
[EventCountry "GEO"]
[SourceTitle "playchess.com"]
[Source "ChessBase"]
[SourceQuality "1"]

{[%evp 13,99,17,39,31,37,32,31,0,2,0,0,-12,-18,-20,0,-12,13,-3,5,0,19,0,-7,-7,0,-8,-4,-31,0,0,0,-7,0,-16,-14,-18,-16,-25,-8,-80,0,0,0,0,0,0,0,0,31,18,27,22,34,33,30,0,86,84,93,20,152,95,106,112,109,121,102,120,487,487,487,477,495,495,487,470,612,472,464,467,597,608,608,231,553,539,654,642]} 1. c4 e6 2. Nf3 Nf6 3. g3 d5 4. Bg2 dxc4 5. Qa4+ Nbd7 6. Qxc4 c5 7. Qb3 Bd6 8. O-O {A13: English Opening: 1...e6} a6 (8... O-O 9. Nc3 a6 10. a4 Rb8 11. a5 Bc7 12. Qa3 c4 13. b3 cxb3 14. d4 b5 15. axb6 Rxb6 {½-½ (67) Hou,Y (2651)-Kramnik,V (2809) Medias 2016}) 9. a4 Rb8 10. d3 {White is slightly better.} b5 11. axb5 axb5 12. Na3 $146 ({Predecessor:} 12. Nc3 O-O 13. Bg5 h6 14. Ne4 hxg5 15. Nxd6 g4 16. Ng5 c4 17. dxc4 Nc5 18. Qd1 bxc4 19. Ra7 Qb6 20. Rxf7 Ba6 {1-0 (30) Short,N (2698)-Sveshnikov,E (2514) Porto Carras 2011}) 12... O-O 13. Bd2 Qb6 14. Rfc1 Ba6 15. Qd1 Rfc8 16. Nc2 Ra8 17. b3 Bb7 18. Bc3 Ng4 19. Rxa8 Rxa8 20. d4 Ngf6 (20... Ndf6 $5 {[%cal Rg4f2]} 21. Be1 cxd4 $15) 21. dxc5 Bxc5 22. e3 Bd5 23. Ne5 Nxe5 24. Bxe5 Bxg2 25. Kxg2 Qb7+ 26. Qf3 (26. f3 $11 {remains equal.}) 26... Qxf3+ ({Better is} 26... Ne4 $1 $17) 27. Kxf3 $11 Nd7 28. Bd4 e5 29. Bc3 f6 30. Rd1 Ra7 (30... Nf8 {seems wilder.} 31. Rd5 Ne6 32. h4 Rc8 33. Ne1 Bf8) 31. Rd5 Kf7 32. Bb4 Bxb4 33. Nxb4 {[%mdl 4096] Endgame KRN-KRN} Rb7 34. Ke2 e4 (34... f5 $11 {keeps the balance.}) 35. Nc6 $16 {Hoping for Nd8+.} Kg6 36. h4 (36. b4 $16) 36... b4 (36... Rc7 $11) 37. h5+ (37. Nd8 $142 $1 {Threatening mate with h5+.} Nb6 38. Rb5) 37... Kh6 38. Nd8 {[%cal Rd8f7]} Nb6 {[#]} 39. Rd6 $1 Rd7 {[#]} 40. g4 $1 {aiming for Rxd7.} Kg5 $2 {[%mdl 8192]} (40... g6 $16) 41. Ne6+ $18 ({Weaker is} 41. Rxb6 Rxd8 42. Rxb4 Kxg4 $11) 41... Kxg4 42. Rxb6 Kxh5 43. Rxb4 {KRN-KR} f5 44. Rc4 Re7 45. Nf4+ Kg4 46. Rc1 g5 47. Rg1+ Kh4 48. Rh1+ Kg4 49. Nd5 {[%cal Rd5f6]} Rf7 {[#]} 50. Rxh7 $3 {[%mdl 512] Accuracy: White = 57%, Black = 43%.} 1-0

[Event "Maia Cup 2019"]
[Site "Tbilisi"]
[Date "2019.09.05"]
[Round "4.5"]
[White "Pantsulaia, Levan"]
[Black "Jobava, Beglar"]
[Result "1/2-1/2"]
[WhiteElo "2603"]
[BlackElo "2438"]
[Annotator "TA"]
[PlyCount "108"]
[EventDate "2019.09.05"]
[EventType "swiss"]
[EventCountry "GEO"]
[SourceTitle "playchess.com"]
[Source "ChessBase"]
[SourceQuality "1"]

{[%evp 17,108,-8,-8,-3,-11,-14,-5,-6,0,-8,4,-20,28,0,38,14,29,19,17,-1,41,11,44,0,39,0,74,13,13,13,13,0,97,112,105,105,143,140,208,210,213,188,217,208,203,194,350,386,335,337,450,364,341,327,415,321,322,225,198,199,203,95,129,36,35,67,620,-193,-197,-197,-192,-967,-943,-1456,-1358,-1329,-1362,-1179,-1177,-1338,-1154,-1154,-1154,-1137,-954,-466,-8,-8,-8,-8,-8,-8,-8]} 1. Nf3 Nf6 2. g3 b6 3. Bg2 Bb7 4. c4 e6 5. O-O Be7 6. d4 O-O 7. Nc3 Ne4 8. Qc2 Nxc3 9. bxc3 Nc6 10. Nd2 {E19: Queen's Indian: Old Main Line with 7...Ne4 8 Qc2 Nxc3 8 Qxc3} Na5 11. Bxb7 Nxb7 12. e4 c5 $146 ({Predecessor:} 12... f5 13. e5 d5 14. cxd5 Qxd5 15. Qb3 Rfd8 16. Qxd5 Rxd5 17. Nf3 Na5 {0-1 (30) Ajvazi,R (2240)-Polak,T (2535) Plovdiv 2010}) 13. d5 e5 14. f4 d6 15. Nf3 f6 16. Be3 Na5 17. Qe2 Qd7 18. a4 g6 19. Nd2 Kg7 20. Kg2 Rh8 21. h4 Rag8 (21... exf4 $11 {remains equal.} 22. Rxf4 (22. Bxf4 h5 $11) 22... h5) 22. f5 (22. fxe5 $16 dxe5 23. h5) 22... Kf7 $11 23. Kh2 Ke8 24. g4 h5 (24... Kd8 $11) 25. g5 $16 Kd8 26. Rf2 Kc8 27. Rg1 $1 Rg7 (27... fxg5 $16 28. Bxg5 Bxg5 29. Rxg5 Rh6) 28. gxf6 $1 $18 Bxf6 {Threatening ...gxf5.} 29. Rxg6 (29. fxg6 $6 Bxh4 30. Rf5 Qe8 $16) 29... Bxh4 {aiming for ...Rxg6.} 30. Rfg2 Rxg6 31. Rxg6 Kb7 $2 (31... Qxa4 32. Rxd6 Qc2) 32. Nf3 Bd8 33. Bg5 Qxa4 34. Rxd6 Bc7 35. Rg6 Nxc4 36. Rg7 Nd6 37. Be7 ({Not} 37. Nxe5 Re8 $11) 37... Ne8 ({Don't play} 37... Nxe4 38. d6) 38. Rg6 {And now d6 would win.} Qd7 39. f6 (39. Bh4 $18 {has better winning chances.}) 39... Bd6 $16 40. Bxd6 (40. Qd2 $1 $16) 40... Qxd6 $14 41. Ng5 Nxf6 $2 {[%mdl 8192]} (41... Rf8 $14) 42. Kh1 $4 {[%mdl 8192] [#]} (42. Rg7+ $1 $18 {is the narrow road to win.} Ka8 43. Qa6 $1 {[%mdl 512]}) 42... Rg8 $1 $19 {[%cal Rg8g6]} 43. Rxg8 Nxg8 44. Qxh5 $2 (44. Nf7 Qd7 45. Qf3) 44... Qh6 45. Qxh6 Nxh6 {[%mdl 4096] Endgame KN-KN} 46. Nf3 Nf7 47. Kg2 a5 {[%cal Ba7a5,Ba5a4,Ba4a3][%mdl 32]} 48. Kf2 Nd6 49. Ke3 a4 50. Kd3 a3 {Strongly threatening ...a2.} 51. Kc2 Nxe4 $2 (51... c4 $19 52. Nxe5 b5) 52. c4 $1 $11 {The position is equal.} b5 53. cxb5 Nd6 {...e4 is the strong threat.} 54. Nxe5 c4 {Accuracy: White = 46%, Black = 42%.} 1/2-1/2

[Event "Maia Cup 2019"]
[Site "Tbilisi"]
[Date "2019.09.05"]
[Round "4.6"]
[White "Paichadze, Luka"]
[Black "Petriashvili, Nikoloz"]
[Result "1/2-1/2"]
[WhiteElo "2574"]
[BlackElo "2441"]
[Annotator "TA"]
[PlyCount "168"]
[EventDate "2019.09.05"]
[EventType "swiss"]
[EventCountry "GEO"]
[SourceTitle "playchess.com"]
[Source "ChessBase"]
[SourceQuality "1"]

{[%evp 10,168,50,40,60,33,29,29,36,39,59,60,65,27,70,37,99,43,38,53,54,9,75,22,29,18,54,27,50,-17,77,64,68,58,53,18,19,14,12,12,33,25,35,0,0,0,0,0,0,0,0,0,0,0,0,-21,-19,-40,-43,-85,-23,-20,-18,-226,-12,-16,-11,-82,-54,-54,-51,-57,-32,-32,-26,-40,-26,-26,-16,-22,0,0,-6,-6,-6,-6,0,-7,0,-6,-18,-20,0,0,0,0,0,-29,-7,-9,-15,-21,-21,-23,-19,-31,-28,-29,-29,-29,-23,-36,-50,-73,-73,-80,0,0,0,-8,-8,-89,0,0,0,0,0,0,0,-416,0,0,0,0,0,0,0,0,0,0,0,0,0,0,0,0,0,0,0,0,0,0,0,0,0,0,0,0,0,0,0]} 1. e4 g6 2. d4 Bg7 3. Nc3 d6 4. Be3 a6 5. a4 b6 6. Qd2 Bb7 {B06: Modern Defence} 7. Bd3 (7. h4 Nf6 8. f3 Nc6 9. g4 h6 10. Nge2 e6 11. Bh3 Qe7 12. g5 hxg5 13. Bxg5 Qd7 14. O-O-O {1-0 (28) Naiditsch,A (2697)-Shoker,S (2475) Brest 2018}) 7... e6 8. Nf3 Nd7 {White has an edge.} 9. O-O Ne7 10. Bh6 O-O 11. Ne2 e5 $146 ({Predecessor:} 11... Kh8 12. Bxg7+ Kxg7 13. Ng3 Nc6 14. d5 exd5 15. exd5 {0-1 (104) Kalezic,B (2452)-Lazic,M (2481) Petrovac 2004}) 12. Ng3 Nc6 (12... exd4 $14 13. Bxg7 Kxg7) 13. c3 (13. d5 $16) 13... Bxh6 $14 14. Qxh6 Qf6 $1 {[%cal Re5d4]} 15. Rad1 Rae8 (15... Qg7 $11 16. Qc1 Rfc8) 16. Bb1 (16. d5 $16 Ne7 17. b4 (17. Ng5 Qg7 $11)) 16... Qg7 17. Qd2 Kh8 18. Rfe1 a5 19. Ba2 (19. d5 $14) 19... Ne7 (19... f5 $1 $11) 20. dxe5 Nxe5 21. Nxe5 Qxe5 22. f4 Qg7 23. e5 dxe5 24. Rxe5 Nc6 25. Rxe8 Rxe8 26. Re1 Rxe1+ 27. Qxe1 Qf6 28. Bd5 Nd8 29. Qe4 Bxd5 30. Qxd5 Ne6 31. f5 Nf4 32. Qe4 Qd6 33. fxg6 hxg6 34. b4 Kg7 (34... axb4 $17 35. cxb4 f5) 35. bxa5 $1 $11 bxa5 36. Qe3 $2 (36. Qd4+ $11 {and White has nothing to worry.} Kf8 37. Qxd6+ cxd6 38. Ne4) 36... Qf6 $2 (36... Qd1+ $19 37. Nf1 Qxa4 38. Qe5+ Kg8) 37. Ne4 Qe5 {White must now prevent ...f5.} 38. Kf2 {[#]} (38. g3 $11 {remains equal.} Ne6 39. Qd3) 38... Nxg2 $1 {[%mdl 512]} 39. Kxg2 {Hoping for Qd4.} f5 40. Kf3 {Ng5 is the strong threat.} fxe4+ 41. Qxe4 Qxc3+ $15 {[%mdl 4096] Endgame KQ-KQ} 42. Kg2 Qc5 43. h4 c6 44. Qf4 Qd5+ 45. Kh2 Qa2+ 46. Kg3 Qb3+ 47. Kh2 Qc2+ 48. Kg3 Qd3+ 49. Kh2 Qe2+ 50. Kg3 Qe7 51. Qd4+ Kh7 52. Qc3 Qd6+ 53. Kh3 Qd7+ 54. Kg3 Qc7+ 55. Kh3 c5 56. Qc4 $1 Qd7+ 57. Kh2 Qd2+ 58. Kg3 Qe3+ 59. Kg2 Qe7 60. Kg3 Qe5+ 61. Kg2 Kh6 {aiming for ...Kh5.} 62. Qg8 Qg7 ({Black should try} 62... Qb2+ $17 63. Kh3 Qf6) 63. Qd8 $11 Qb2+ 64. Kg3 Qc3+ 65. Kg2 Qc2+ ({Better is} 65... c4 $17 {Threatens to win with ...Qe5.} 66. Qg5+ Kh7) 66. Kg3 {[%cal Rd8h8] [#]} Qb3+ 67. Kg2 {[%cal Rd8h8]} Qb2+ 68. Kg3 Qe5+ 69. Kg2 $2 {[%mdl 8192]} (69. Kh3 $1 $11) 69... Kh5 $2 ({Black should play} 69... c4 $19 {Strongly threatening ...Kh5.} 70. Qg8 c3) 70. Qxa5 {The position is equal.} Qe2+ 71. Kg1 Qe3+ 72. Kg2 Qe4+ (72... Kxh4 73. Qd8+ g5 74. Qh8+ Kg4 75. Qc8+ Kh5 76. Qh8+ Kg4 77. Qc8+ Kf4 78. Qf8+ Ke4 79. Qe8+ Kd4 80. Qxe3+ Kxe3 81. a5) 73. Kf1 Qf3+ ({Don't go for} 73... Kxh4 $2 74. Qe1+ Qxe1+ 75. Kxe1 $18) 74. Ke1 Qg3+ 75. Kf1 Qd3+ ({Don't blunder} 75... Kxh4 $2 76. Qe1 $18) 76. Kg2 Qe4+ 77. Kg1 Qd4+ 78. Kg2 Kg4 79. Qe1 Qd5+ 80. Kg1 c4 81. a5 Qd4+ 82. Qf2 Qd1+ 83. Qf1 Qd4+ 84. Qf2 Qd1+ {Accuracy: White = 49%, Black = 47%.} 1/2-1/2

[Event "Maia Cup 2019"]
[Site "Tbilisi"]
[Date "2019.09.05"]
[Round "4.7"]
[White "Charkhalashvili, Inga"]
[Black "Bechvaia, Giorgi"]
[Result "1/2-1/2"]
[WhiteElo "2276"]
[BlackElo "1923"]
[Annotator "NA"]
[PlyCount "126"]
[EventDate "2019.09.05"]
[EventType "swiss"]
[EventCountry "GEO"]
[SourceTitle "playchess.com"]
[Source "ChessBase"]
[SourceQuality "1"]
[TimeControl "900+10"]

1. d4 d5 2. c4 e6 3. Nc3 Nf6 4. Bg5 Be7 5. e3 O-O 6. Nf3 Nbd7 7. Rc1 b6 8. cxd5 exd5 9. Bd3 Bb7 10. O-O c5 11. dxc5 Nxc5 12. Bb1 Nce4 13. Nb5 Nxg5 14. Nxg5 g6 15. Nf3 a6 16. Nbd4 Rc8 17. Qb3 Qd6 18. Rcd1 Qb4 19. Qxb4 Bxb4 20. a3 Be7 21. Ne5 Bd6 22. Nd3 Ne4 23. f3 Nc5 24. Nf2 Rfe8 25. Rfe1 Na4 26. Rd2 Bc5 27. b4 Bd6 28. Ba2 Nc3 29. Bb3 a5 30. Nd3 Ba6 31. Kf2 Bxd3 32. Rxd3 axb4 33. axb4 Bxb4 34. Ra1 Red8 35. Ra7 Bf8 36. Rb7 Nb1 37. Nb5 Na3 38. Nxa3 Bxa3 39. Bxd5 Bc5 40. Bxf7+ Kh8 41. Bd5 Rb8 42. Rxb8 Rxb8 43. f4 Kg7 44. Kf3 Rd8 45. e4 Rd7 46. e5 h5 47. g3 Ra7 48. Bb3 Ra3 49. h3 Ra1 50. Rd7+ Kf8 51. g4 Rh1 52. Kg2 Rg1+ 53. Kh2 hxg4 54. hxg4 Rxg4 55. Rf7+ Ke8 56. Kh3 Rg1 57. Rf6 {[%emt 0:23:05]} Ke7 {[%emt 0:23:33]} 58. Bc2 Be3 59. Bb3 {[%emt 0:01:00]} b5 {[%emt 0:00:19]} 60. Re6+ {[%emt 0:00:13]} Kd7 {[%emt 0:00:14]} 61. Rd6+ {[%emt 0:00:02]} Ke7 {[%emt 0:00:02]} 62. Re6+ {[%emt 0:00:03]} Kd7 63. Rd6+ Ke8 1/2-1/2

[Event "Maia Cup 2019"]
[Site "Tbilisi"]
[Date "2019.09.06"]
[Round "5.1"]
[White "Jojua, Davit"]
[Black "Fier, Alexandr"]
[Result "0-1"]
[WhiteElo "2563"]
[BlackElo "2549"]
[Annotator "ChessBase"]
[PlyCount "86"]
[EventDate "2019.09.05"]
[EventType "swiss"]
[EventCountry "GEO"]
[SourceTitle "playchess.com"]
[Source "ChessBase"]
[SourceQuality "1"]
[TimeControl "900+10"]

1. d4 {[%emt 0:00:00]} Nf6 {[%emt 0:00:00]} 2. c4 {[%emt 0:00:00]} e6 {[%emt 0:00:00]} 3. Nf3 {[%emt 0:00:08]} d5 {[%emt 0:00:00]} 4. Nc3 {[%emt 0:00:36]} c6 {[%emt 0:00:00]} 5. e3 {[%emt 0:00:50]} Nbd7 {[%emt 0:00:01]} 6. Bd3 {[%emt 0:00:01]} dxc4 {[%emt 0:00:01]} 7. Bxc4 {[%emt 0:00:01]} b5 {[%emt 0:00:01]} 8. Bd3 {[%emt 0:00:02]} a6 {[%emt 0:00:21]} 9. a4 {[%emt 0:00:25]} b4 {[%emt 0:01:30]} 10. Ne4 {[%emt 0:00:01]} c5 {[%emt 0:00:04]} 11. dxc5 {[%emt 0:00:40]} Nxc5 {[%emt 0:00:11]} 12. Nxc5 {[%emt 0:00:05]} Bxc5 {[%emt 0:00:01]} 13. Qe2 {[%emt 0:00:46]} O-O {[%emt 0:01:50]} 14. O-O {[%emt 0:01:34]} Qe7 {[%emt 0:01:03]} 15. e4 {[%emt 0:00:49]} e5 {[%emt 0:00:01]} 16. Be3 {[%emt 0:01:29]} Bxe3 {[%emt 0:00:29]} 17. Qxe3 {[%emt 0:00:02]} Bg4 {[%emt 0:00:48]} 18. Nd2 {[%emt 0:02:08]} a5 {[%emt 0:00:20]} 19. Nb3 {[%emt 0:01:31]} Be6 20. Nd2 {[%emt 0:03:55]} Rfd8 {[%emt 0:00:20]} 21. Nf3 {[%emt 0:00:30]} Bg4 {[%emt 0:00:47]} 22. Bc4 {[%emt 0:01:05]} Bxf3 {[%emt 0:00:20]} 23. Qxf3 {[%emt 0:00:01]} Rd4 {[%emt 0:00:01]} 24. b3 {[%emt 0:00:09]} Rad8 {[%emt 0:00:13]} 25. Rae1 {[%emt 0:00:29]} g6 {[%emt 0:00:35]} 26. h3 {[%emt 0:00:44]} Kg7 {[%emt 0:00:02]} 27. Re3 {[%emt 0:00:20]} Nd7 {[%emt 0:00:13]} 28. Rd3 {[%emt 0:00:48]} Nf6 {[%emt 0:00:54]} 29. Re3 {[%emt 0:00:21]} h5 {[%emt 0:00:01]} 30. g3 {[%emt 0:00:12]} h4 {[%emt 0:00:04]} 31. g4 {[%emt 0:00:08]} Nh7 {[%emt 0:00:08]} 32. Rd3 {[%emt 0:00:08]} Ng5 {[%emt 0:00:03]} 33. Qe3 {[%emt 0:00:02]} Rxd3 {[%emt 0:00:18]} 34. Bxd3 {[%emt 0:00:01]} Ne6 {[%emt 0:00:01]} 35. Bc4 {[%emt 0:00:16]} Nf4 {[%emt 0:00:01]} 36. Kh2 {[%emt 0:00:01]} Rd4 {[%emt 0:00:03]} 37. Rc1 {[%emt 0:00:27]} Qd6 {[%emt 0:00:04]} 38. Bb5 {[%emt 0:00:02]} Rd2 {[%emt 0:00:29]} 39. Rc5 {[%emt 0:00:28]} Qd4 {[%emt 0:01:46]} 40. Qxd4 {[%emt 0:00:01]} exd4 {[%emt 0:00:01]} 41. Bf1 {[%emt 0:00:16]} d3 {[%emt 0:00:01]} 42. Rxa5 {[%emt 0:00:11]} Rd1 {[%emt 0:00:01]} 43. Bxd3 {[%emt 0:00:14]} Rxd3 {[%emt 0:00:01]} 0-1